Najpopularniejsze Zwierzęta Domowe - Statystyki

Ogólne statystyki
  • Ten quiz został rozwiązany 285 razy
    168 od ostatniego zresetowania
  • Średni wynik to 6 z 8
Statystyki odpowiedzi
Zwierzę % Poprawnych
Kot
100%
Pies
100%
Chomik
96%
Świnka Morska
79%
Królik
76%
Ryby
46%
Żółw
43%
Ptaki
16%
Nie znaleziono quizów pasujących do podanych kryteriów
Rozkład punktacji
Procent ludzi z każdym wynikiem
Percentyl według liczby udzielonych odpowiedzi
Twoja historia wyników
Nie rozwiązałeś tego quizu od ostatniego zresetowania